| 000 | 00799nam a22001337a 4500 | ||
|---|---|---|---|
| 040 | _cRUA | ||
| 082 | _aAGR SUN 2013 B054 Or.1 | ||
| 100 | _aSUN, SREYPOV. | ||
| 245 | _aThe comparison of kind of herbicides on phka rumduol rice variety under mid season condition at angkorchey district kompot province ប្រៀបធៀបថ្នាំកំចាត់ស្មៅផ្សេងៗលើពូជស្រូវផ្ការំដួលក្នុងលក្ខខណ្ឌពាក់កណ្ដាលរដូវវស្សានៅស្រុកអង្គរជ័យ ខេត្ដកំពត | ||
| 260 |
_aPhnom Penh _bRUA _c2013 |
||
| 300 |
_axi; 58p. _bill. _c29cm. |
||
| 856 | _uhttps://drive.google.com/file/d/1vRk41jgJ9wDkkuR_0SFHSPhIMxHryDVG/view?usp=sharing | ||
| 942 | _cAGR | ||
| 999 |
_c1257 _d1257 |
||